000 00286nam a22001337a 4500
008 170815b xxu||||| |||| 00| 0 eng d
020 _a0471026387
041 _aeng
080 _a311
100 _a36
101 _aMAT
245 _aSTATISTICS A BEGINNING
_cSMITH,H
942 _2udc
_cBK
999 _c23535
_d23535